Quizzes
Events
Quiz Creation
Community
Videos
Private Events
Remove Ads
Sign In
Join for FREE
Feedback
Dark Mode
Quiz Categories
Sports
Geography
Music
Movies
Television
Just For Fun
Miscellaneous
History
Literature
Language
Science
Gaming
Entertainment
Religion
Holiday
For Kids
Quiz Lab
Recent
Popular Today
Quiz Kudos Today
Editor Picks
Curator Picks
Quizzes by...
Day
Popularity
Type
Ratings
Length
Year
Community
Subscriptions
Recent Discussions
Orange Saloon
Badges
Playlists
Quests
Create
Leaderboards
Showdown
Live 5
Trivia Bingo
Activity
Puzzle Library
Sporcle Events
Private Events
Virtual Trivia
Globe League
Become a Host
Pub Owners
SporcleCon
Opinionation
Our Games
Videos
Blog
Mobile Apps
Partnerships
Remove Ads and Go Orange
Feedback
Miscellaneous
Crossword
General Knowledge
Baby Names
Logo
Food
Cars
Numbers
Grab Bag
University
College
Popular
Company
Slogans
Restaurants
Justice
Letter
Miscellaneous
Crossword
General Knowledge
Baby Names
Logo
Food
Cars
Numbers
Grab Bag
University
College
Popular
Company
Slogans
Restaurants
Justice
Letter
Random Quiz
Search Sporcle
×
Quiz Lab
Quiz Lab
Miscellaneous
Keywords
Type in answers that appear in a list
Type in answers that appear in a list
Classic
Best Score? Go Orange.
Visual Basic .NET Keywords Stats
Can you name the Visual Basic .NET Keywords?
By
technyk
20m
102 Questions
181 Plays
181 Plays
181 Plays
Comments
Comments
Give Quiz Kudos
Give Quiz Kudos
-
- Ratings
hide this ad
Replay
Link that replays current quiz
Next Quiz
Link to next quiz in quiz playlist
You Got
0%
They Got
Avg Score
65%
Avg Friend Score
Upgrade to see
Score Distribution
Jump to the score distribution portion of the page
Score
0/102
Timer
20:00
0
Plays Today
Keyword
% Correct
Do
91.2%
String
89.5%
If
89.5%
As
89%
For
89%
While
87.8%
Dim
87.3%
Integer
87.3%
Sub
85.6%
Else
85.6%
Boolean
84.5%
Function
84.5%
Then
82.8%
End
82.3%
Double
81.8%
Class
81.2%
Private
80.7%
Public
79.6%
and
79%
or
77.9%
Catch
77.9%
not
77.3%
Char
76.8%
Case
76.8%
Try
76.8%
New
76.2%
Next
74.6%
To
74.6%
mod
71.8%
Until
71.8%
Single
71.3%
Me
70.7%
ByVal
70.2%
Return
70.2%
Keyword
% Correct
Loop
70.2%
On
70.2%
ByRef
69.6%
Module
69.1%
ElseIf
69.1%
True
68.5%
False
68.5%
Val
67.4%
Decimal
67.4%
Enum
67.4%
Finally
66.9%
xor
66.9%
Option
66.9%
Finally
66.9%
Text
66.3%
Date
66.3%
Step
65.2%
Array
65.2%
My
64.6%
Const
64.6%
Stop
64.6%
Select
63.5%
Exit
62.4%
Close
62.4%
Imports
62.4%
File
62.4%
Start
62.4%
ForEach
61.9%
Thread
61.9%
ReDim
61.3%
ToString
61.3%
Off
60.8%
Strict
60.8%
Shared
59.7%
Keyword
% Correct
Namespace
59.7%
Global
59.7%
Partial
58.6%
Threading
58.6%
ToDecimal
58.6%
Using
58%
Now
58%
WriteLine
57.5%
ReadLine
57.5%
StreamReader
57.5%
StreamWriter
57.5%
With
56.9%
ToInt32
56.4%
ToInt64
56.4%
Dir
56.4%
Computer
55.8%
Today
55.8%
Explicit
54.7%
Focus
54.7%
Overrideable
53.6%
Peek
53.6%
OpenText
53.6%
vbCrLf
53%
Exists
53%
IO
52.5%
Sleep
51.4%
Load
49.2%
Sort
48.1%
Handles
48.1%
MyBase
47.5%
EventArgs
47%
Convert
45.3%
0%
0%
Quiz Playlist
Details
Report
Send in Message
Add To Playlist
Classic:
Type in answers that appear in a list
Last Updated: Feb 16, 2017
Quiz Scoreboard
CHALLENGE
Sign Up to Join the Scoreboard
Show All
Scores
Hide
Comments
May contain spoilers
Recently Published
An Introduction to Baseball
by treessimontrees
Sports
5m
Movies - When Are They Set?
by FPL_Elf
Movies
5m
Popular People in 1961
by mucciniale
History
6m
More to Explore
Quiz From the Vault
Featured Blog Post
Where Did the Easter Bunny Come From?
hide this ad
You Might Also Like...
Tags
basic
Keywords
net
Visual
Today's Top Quizzes in Miscellaneous
Browse Miscellaneous
hide this ad
Today's Top Quizzes in Keywords
Browse Keywords
Top Contributed Quizzes in Miscellaneous
1
5-to-1: Fast Food
2
The JOE quick-fire general knowledge quiz: Day 173
3
The JOE quick-fire general knowledge quiz: Day 172
4
The JOE quick-fire general knowledge quiz: Day 174
5
One Thing in Common: United Kingdom II
6
Sunday Crossword: Famous Bodies of Water
7
The JOE quick-fire general knowledge quiz: Day 171
8
5-to-1: Cocktails
9
Named After an Animal - Odd One Out!
10
The JOE quick-fire quiz: Day 170
Explore More
Trending Topics
NBA
Marvel
Disney
Harry Potter
Kpop
Anime
Crossword
Puzzle
Country
Soccer
Song
NFL
The Office
Pokémon
WWE
hide this ad
More By:
technyk
Quiz
Plays
Rating
Category
Featured
Created
Visual Basic .NET Keywords
181
1.00
Miscellaneous
Mar 22, 2015
Go to Creator's Profile
Score Distribution
Quiz Creator Spotlight
technyk
Follow
Send a Message
Quizzes Created
-
Created Quiz Play Count
-
More By This Creator
Popular Quizzes Today
1
Find the Countries of Europe - No Outlines Minefield
2
Find the US States - No Outlines Minefield
3
The Countries of the World
4
Popular People in 1961
5
Find the US States
6
US States
7
1-10 Letter E Words III
8
Risky Map Clicking: Biggest States A-Z
More Miscellaneous Quizzes
It's Been a Slice: Food
Published
Trending Quizzes
Risky Map Clicking: Least Populous States A-Z
1-10 Letter F Words
1-10 Letter G Words
Not Quite an Element Typing Challenge
One Thing in Common: United Kingdom
Recently Updated
Leaping Animals
pecheneg
Reality TV Shows (A-Z)
bhenderson79
Rickey Henderson's Hall of Fame Teammates
pecheneg
Champions League XIs: Arsenal
pecheneg
Quick Pick: Celebrities in WWE's Hall of Fame
aduchscher
A-Z Keypad Blitz II
pecheneg
Multiple Oscar Actors
pecheneg
Mystery Phrase Blitz: Oscar 'Best Actors'
pecheneg
F. Scott Fitzgerald Novels
LTH
Pick 3 Villains
ddd62291
Trending Topics
NBA
Harry Potter
Marvel
Crossword
Kpop
Disney
Anime
Song
NFL
Country
WWE
Soccer
Pokémon
The Office
Puzzle
Your Account Isn't Verified!
In order to create a playlist on Sporcle, you need to verify the email address you used during registration. Go to your
Sporcle Settings
to finish the process.
Report this User
Report this user for behavior that violates our
Community Guidelines
.
Details:
Send Report
Go to the Sporcle.com Mobile Site →
Comments